LEADER 00882nam a2200205 i 4500 001 000000167670 003 CaOOAMICUS 005 20071206000000.0 008 071206s1936 it u000 u ita u 013 $a145069 040 $aSeMil$bita 100 1 $aSpreafico, Andrea.$0(OLS)http://semarc/name/62545 245 13$aLa topografia dei "Promessi Sposi" nel territorio di Lecco /$cSac. Andrea Spreafico. 260 $aLecco :$bEttore Bartolozzi,$c1936. 300 $a124 p. :$bill. ;$c33 cm. 650 4$aManzoni, Alessandro <1785-1873> . Promessi sposi.$0(OLS)http://semarc/subject/15533 850 $aSeMil 852 $aSeMil$W1$xVenegono$y1$m1O VI 187$j118820$B118820$CSeMilBibl$Z2$F129655 $81 996 $6245$aLa topografia dei "Promessi Sposi" nel territorio di Lecco$9(OLS)http://semarc/title/239911 996 $6260$aLecco :$bEttore Bartolozzi$9(OLS)http://semarc/publisher/46433 LEADER 00817nam a2200229 i 4500 001 000000187302 003 CaOOAMICUS 005 20150925000000.0 008 150925s1959 it u000 u ita u 013 $a165368 040 $aSeMil$bita 245 10$aNovara 1859-1959. 260 $aNovara :$bIstituto Geografico De Agostini,$c1959. 300 $a98 p. :$bill. ;$c27 cm. 500 $aFondo card. Giovanni Colombo. 650 4$aNovara - Storia.$0(OLS)http://semarc/subject/8310 850 $aSeMil 852 $aSeMil$W1$xVenegono$y1$m3GC VIII 180$j137989$B137989$CSeMilBibl$Z2$F149459 $8B 941 1 $a3 961 $aLascito: Colombo Card. Giovanni 996 $6245$aNovara 1859-1959$9(OLS)http://semarc/title/269422 996 $6260$aNovara :$bIstituto Geografico De Agostini$9(OLS)http://semarc/publisher/31865